| 000 | 00944nmm a2200289 a 4500 | ||
|---|---|---|---|
| 001 | ocm0001411904 | ||
| 003 | TR-IsHL | ||
| 005 | 20201028164607.0 | ||
| 008 | 160220s2014 tu tur | ||
| 007 | cr cn | ||
| 020 | _a9786051622934 | ||
| 035 |
_a1411904 _b(N$T) |
||
| 050 | 0 | 4 |
_aBL1685.S246 _bP88 2014 |
| 090 | 0 | 4 |
_aBL1685.S246 _bP88 2014 |
| 100 | 1 | _aSarıcık, Murat | |
| 245 | 1 | 0 |
_aPut: Hicaz'ın Beş Putu ve Çağdaş Putlar _h[electronic resource] / _cMurat Sarıcık |
| 260 |
_aİstanbul : _bNesil Yayınları, _c2014 |
||
| 300 | _a329 p. | ||
| 650 | 4 | _aFelsefe, Psikoloji ve Din | |
| 650 | 4 | _aPhilosophy, Psychology and Religion | |
| 650 | 0 |
_aPutlar _xİbadet |
|
| 650 | 0 |
_aIdols _xWorship |
|
| 650 | 0 |
_aİnanç _xArap ülkeleri |
|
| 650 | 0 |
_aCults _xArab countries |
|
| 650 | 7 |
_aRELIGION / Atheism _2bisacsh |
|
| 856 | 4 | 0 | _uhttp://search.ebscohost.com/login.aspx?direct=true&scope=site&db=e011xww&AN=1411904 |
| 999 |
_c15654 _d15654 |
||